000 00915nam a22002897a 4500
003 CHAP
005 20220329135209.0
008 971013s1972 r 00010 d
010 _a32452
011 _a33424
035 _a37539
040 _cCHAP
100 0 0 _aCuanalo de la Cerda, Heriberto E.
_929925
245 _aNumerical studies in soil distribution
260 _aOxford :
_bThe author,
_c1972
300 _a104 h.
_b; apƩnd.
500 _aTeshis (Doctor of Philosophy) -- Oxford University. Balliol College
590 _aBATCH-UPD
_b10
_c20130110
_lUCH01
_h2022
590 _aBATCH-UPD
_b10
_c20130410
_lUCH01
_h1340
590 _aBATCH-UPD
_b10
_c20130914
_lUCH01
_h2037
590 _aCONVERSION
_b10
_c20130109
_lUCH01
_h1318
650 1 4 _aSuelos
_xClasificación.
_9110239
901 _aBK
942 _cFOLL
949 _bBC
_cTES
_d-86068
_eTS1
_i37539
_si
949 _bBC
_cTES
_d-86069
_eTS2
_fc.2
_i37539
_si
999 _c32452
_d32452